| 000 | 00922nam a2200229 i 4500 | ||
|---|---|---|---|
| 001 | 106799 | ||
| 003 | ES-MaACL | ||
| 005 | 20251215175852.0 | ||
| 007 | t| | ||
| 008 | 061227s1968 sp a |||| |dspa d | ||
| 080 | _a929 Guerrero, María (082.2) | ||
| 245 | 0 | 0 | _aRecuerdo-homenaje a María Guerrero. |
| 260 |
_a[Madrid] : _bPublicaciones Españolas, _c[1968] |
||
| 300 |
_a[12] p. : _bil. ; _c21 cm. |
||
| 490 | 1 |
_aCuadernos de arte. Serie teatros nacionales y Festivales de España ; _v1 |
|
| 500 | _aCatálogo editado con motivo del "Recuerdo-homenaje a María Guerrero", celebrado en el Teatro María Guerrero de Madrid. | ||
| 600 | 1 | 4 |
_aGuerrero, María, _d1867-1927- _vHomenajes _960560 |
| 710 | 2 |
_aTeatro María Guerrero (Madrid) _96922 |
|
| 830 | 0 | 0 |
_aCuadernos de arte. _pSerie teatros nacionales y Festivales de España _v1 _9185316 |
| 852 |
_aES-MaACL _j2211-F-42 |
||
| 999 |
_c106799 _d106799 |
||